000 00991nam a22001577a 4500
008 110616t xxu||||| |||| 00| 0 eng d
010 _aCACAF46
245 _aCourt of Appeal Criminal Appeal No. 47 OF 2000 Omari Chandia Vs Uganda
260 _c2000
500 _aCoram: Hon. Lady Justice L.E.M. Mukasa-Kikonyogo, DCJ Hon. Mr. Justice J.P. Berko, JA Hon. Lady Justice C.N.B. Kitumba, JA
500 _aAppeal from a conviction and sentence of the High Court of Uganda at Kampala Bossa J. dated 11th day of July 2000 in Criminal Session Case No. 232 of 2000
999 _c3088
_d3088